000 00319nam a22001337a 4500
008 170526b xxu||||| |||| 00| 0 eng d
020 _a9780312566722
041 _aeng
080 _a621.38
100 _a25
101 _aIM
245 _aRESEARCH AND DOCUMENTATION IN THE ELECTRONIC AGE
_cHACKER, D
942 _2udc
_cBK
999 _c14345
_d14345